Fr. Conceicao Rodrigues College of Engineering

Electronic instruments and instrumentation technology (Record no. 29189)

MARC details
000 -LEADER
fixed length control field 00388nam a2200157Ia 4500
082 ## - DEWEY DECIMAL CLASSIFICATION NUMBER
Classification number 621.38154/ANA
Item number ANA
100 ## - MAIN ENTRY--PERSONAL NAME
Personal name Anand/M.M.S
245 ## - TITLE STATEMENT
Title Electronic instruments and instrumentation technology
260 ## - PUBLICATION, DISTRIBUTION, ETC.
Name of publisher, distributor, etc. Prentice -Hall of India
Place of publication, distribution, etc. New Delhi
Date of publication, distribution, etc. 2004
366 ## - TRADE AVAILABILITY INFORMATION
Publishers's discount category 20
300 ## - PHYSICAL DESCRIPTION
Extent 728
546 ## - LANGUAGE NOTE
Language note ENGLISH
650 ## - SUBJECT ADDED ENTRY--TOPICAL TERM
Topical term or geographic name entry element INSTRUMENTATION
654 ## - SUBJECT ADDED ENTRY--FACETED TOPICAL TERMS
Focus term instruments
942 ## - ADDED ENTRY ELEMENTS (KOHA)
Koha item type BOOK
Holdings
Withdrawn status Lost status Damaged status Not for loan Collection Home library Current library Date acquired Source of acquisition Cost, normal purchase price Inventory number Total Checkouts Full call number Barcode Date last seen Cost, replacement price Price effective from Koha item type
        CRC Fr. Agnel's C.Rodrigues College of Engineering Fr. Agnel's C.Rodrigues College of Engineering 17/03/2023 United Book Distributors 330.00 6278 dt 26/03/2008   621.38154/ANA ANA 18596 17/03/2023 350.00   BOOK